DEVIDSON'S PRINCIPLES & PRACTICE OF MEDICINE (Record no. 30863)

MARC details
000 -LEADER
fixed length control field 00369nam a22001577a 4500
003 - CONTROL NUMBER IDENTIFIER
control field SGT
020 ## - INTERNATIONAL STANDARD BOOK NUMBER
International Standard Book Number 978702083488
082 ## - DEWEY DECIMAL CLASSIFICATION NUMBER
Classification number 616.024
Item number D22P
100 ## - MAIN ENTRY--PERSONAL NAME
Personal name PENNMAN, IAN D.
245 ## - TITLE STATEMENT
Title DEVIDSON'S PRINCIPLES & PRACTICE OF MEDICINE
250 ## - EDITION STATEMENT
Edition statement 24TH
260 ## - PUBLICATION, DISTRIBUTION, ETC. (IMPRINT)
Place of publication, distribution, etc LONDON
Name of publisher, distributor, etc ELSEVIER PUB
Year of Publication 2022
300 ## - PAGE DESCRIPTION
No. of Pages 1357
650 ## - SUBJECT ADDED ENTRY--TOPICAL TERM
Topical term or geographic name as entry element GENERAL MEDICINE
942 ## - ADDED ENTRY ELEMENTS (KOHA)
Source of classification or shelving scheme Dewey Decimal Classification
Koha item type Books
Holdings
Withdrawn status Lost status Source of classification or shelving scheme Damaged status Not for loan Collection code Home library Current library Shelving location Date acquired Vendor Name Cost, normal purchase price SGTU Bill Number Total Checkouts Full call number Accession No. (Barcode) Date last seen Date last borrowed Bill Date Koha item type
    Dewey Decimal Classification     MEDICAL SGT Medical Library SGT Medical Library Reference Book 23/03/2025 ABC DELHI 2995.00 SGTU 20800 3 616.024 D22P FM15154 01/06/2026 20/05/2026 23/03/2025 Books
    Dewey Decimal Classification   Not For Loan MEDICAL SGT Medical Library SGT Medical Library Reference Book 23/03/2025 ABC DELHI 2995.00 SGTU 20800   616.024 D22P FM15155 16/04/2025   23/03/2025 Books
    Dewey Decimal Classification   Not For Loan MEDICAL SGT Medical Library SGT Medical Library Reference Book 23/03/2025 ABC DELHI 2995.00 SGTU 20800   616.024 D22P FM15153 16/04/2025   23/03/2025 Books